| 000 | 00829nam a2200253 a 4500 | ||
|---|---|---|---|
| 001 | BRL_1912 | ||
| 005 | 20190320211431.0 | ||
| 008 | 170815s1912----gw-#######---#000-0#ger-# | ||
| 041 | _agerspa | ||
| 044 | _agw | ||
| 050 | 4 |
_aPC4645.A5 _b.G73 1912 |
|
| 100 | 1 |
_aGräfenberg, S. _928215 |
|
| 245 | 1 | 0 |
_aMetoula-Sprachführer _bspanisch _cvon Prof. Dr. S. Gräfenberg. |
| 260 |
_aBerlin _bLangenscheidstche Verlangsbuchhandlung _c1912 |
||
| 300 |
_axvi, 166, 16 p. _c14 cm. |
||
| 440 | 0 |
_aMetoula-Sprachführer _917179 |
|
| 500 | _aLa biblioteca cuenta con dos ejemplares. | ||
| 500 | _aej.1 Au2153, ej.2 Au2154 | ||
| 500 | _aEstado físico: El ejemplar 2 tiene desprendido el lomo. | ||
| 500 | _aTexto en: Alemán y español | ||
| 650 | 1 | 4 |
_aAlemán _xLibros de lectura - Español _928216 |
| 902 | _aGRL | ||
| 942 |
_2lcc _cB |
||
| 999 |
_c10720 _d10720 |
||